| 000 | 00900cam a2200217 4500 | ||
|---|---|---|---|
| 005 | 20260528122158.0 | ||
| 008 | 070827n mx a 000 0bspa u | ||
| 020 | _a9687569593 | ||
| 050 | 0 | 4 |
_aF1232.2.R36 _bR36 2003 |
| 245 | 1 | 0 |
_aRamos Arizpe : _bpadre del federalismo _c / Fernando del Moral González, Humberto Gómez Villareal y Jacinto Faya Viesca. |
| 260 |
_aMéxico : _bGobierno del Estado de Coahuila, _cc2003 |
||
| 300 |
_a111 áginas. : _bilustraciones ; _c28 cm. |
||
| 500 | _aEn la pasta dice: Imágenes Históricas de Coahuila: Ramos Arizpe | ||
| 600 | 1 |
_aRamoz Arizpe, Miguel, _d1775-1843 |
|
| 651 | 7 |
_2lemb _aMéxico _xHistoria _xFederalismo y centralismo 1824-1853 |
|
| 651 | 7 |
_2lemb _aMéxico _ySiglo XIX |
|
| 700 | 1 |
_aMoral González, Fernando del, _ecoauor |
|
| 700 | 1 |
_aGómez Villarreal, Humberto, _ecoautor |
|
| 700 | 1 |
_aFaya Viesca, Jacinto, _ecoauor |
|
| 942 |
_2lcc _cLIB |
||
| 999 |
_c79223 _d79223 |
||